1813 1403 1711 1179 1667 1423 1268 1680 1049 1688 1775 1958 1023 1743 1773 1385 1913 1836 1350 1472 1653 1603 1464 1590 1015 1155 1178 1308 1814 1363 1231 1172 1535 1767 1022 1903 1133 1597 1788 1111 1463 1594 1379 1844 1953 1780 1955 1327 1960 1375 1333 1658 1784 1065 1441 1376 1444 1546 1872 1016 1597 1007 1747 1040 1429 1688 1694 1229 1600 1049 1472 1946 1394 1739 1882 1089 1551 1029 1432 1004 1485 1624 1038 1655 1149 1680 1129 1537 1116 1789 1031 1477 1977 1881 1576 1270 1578 1238 1748 BCNSPRNW ULIB Ver.6.0+V

เปลี่ยนเป็นภาษาไทย

Change to English
 แสดงรายละเอียดบรรณานุกรม
  กลับหน้าหลัก

Brief Record : Get Marc (ISO 2709) : E-mail record : QR code < ปิดหน้าต่าง
LEADER : 00000nam 2200000uu 4500
001    13399111741
003     ULIB
008    110707s2550||||th 000 0 tha d
020    9789747522495
050  4 D13^bป513บ 2550
100 0  ปองพล อดิเรกสาร
245 10 บันทึกการเดินทางสุดหล้าฟ้าเขียว กาลาปากอสและมาดากัสการ์ /^cปองพล อดิเรกสาร
246 31 กาลาปากอสและมาดากัสการ์
250    พิมพ์ครั้งที่ 1
260    กรุงเทพฯ :^bเอเรียส บุ๊คส์,^c2550
300    215 หน้า :^bภาพประกอบ ;^c22 ซม.
651  7 เอกวาดอร์^xภูมิประเทศและการท่องเที่ยว
651  7 มาดากัสการ์^xภูมิประเทศและการท่องเที่ยว
945    ^p280^l0^i023235
995    ทศพร
999 ^a ใช้งานได้ทุกระบบ
รายการนี้ยังไม่มีแท็ก
คุณยังไม่ได้ล็อกอิน คุณสามารถมีกิจกรรมร่วมกับเว็บไซต์ได้ แต่ต้องล็อกอินก่อน ::
  ล็อกอิน

รายการสื่อสารสนเทศ

ลำดับที่ ประเภท เลขเรียก/บาร์โค้ด สถานที่ สถานะ
- ไม่พบข้อมูล -

BibComment


ยังไม่เคยถูกคอมเมนท์

คอมเมนท์ทรัพยากรรายการนี้
  คอมเมนท์: บันทึกการเดินทางส..


 Copyright 2026. Bcnsprnw @Library